000 00640nam a2200253Ia 4500
005 20260306153912.0
008 008 260114s9999 xx 000 0 eng d
020 _a9781139060011
037 _aEBOOK
040 _aCRL
040 _beng
040 _cCRL
041 _2eng
041 _aeng
084 _qCRL
100 _aAcemoglu/Arellano/Dekel
_9897615
245 0 _aAdvances in Economics and Econometrics Volume 1 1st ed
260 _bCambridge University Press
260 _c2013
650 _aPolitical Science
856 _uhttps://doi.org/10.1017/CBO9781139060011
942 _cEBOOK
999 _c1705359
_d1705359